[Event "European Team Championship"]
[Site "Reykjavik ISL"]
[Date "2015.11.20"]
[EventDate "2015.11.13"]
[Round "7.9"]
[Result "0-1"]
[White "Tomi Nyback"]
[Black "Daniele Vocaturo"]
[WhiteElo "2594"]
[BlackElo "2588"]
[PlyCount "84"]

1. d4 Nf6 2. c4 g6 3. Nc3 d5 4. Nf3 Bg7 5. Bg5 Ne4 6. Bf4 Nxc3
7. bxc3 dxc4 8. e3 Be6 9. Qb1 b6 10. Ng5 Bd5 11. e4 h6
12. exd5 hxg5 13. Qb5+ Qd7 14. Qxd7+ Nxd7 15. Bxg5 b5 16. a4
Nb6 17. axb5 O-O-O 18. Rxa7 Rxd5 19. Be3 Rxb5 20. Be2 Rb3
21. O-O Rxc3 22. Bf3 Bh6 23. Bc6 Bxe3 24. fxe3 Rxe3 25. Rxf7
c3 26. Rf1 e6 27. Rfa1 Kd8 28. Kf2 Rd3 29. Be4 Rxd4 30. Ke3 e5
31. Bxg6 Rxh2 32. Kf3 Rh6 33. Bc2 Rf6+ 34. Kg3 Rd2 35. Be4 Rf4
36. Re1 Nc4 37. Bf3 c2 38. Raa1 Kd7 39. Rac1 Kd6 40. Re2 Rxe2
41. Bxe2 Ne3 42. Bd3 Rd4 0-1

[Event "European Team Championship"]
[Site "Reykjavik ISL"]
[Date "2015.11.20"]
[EventDate "2015.11.13"]
[Round "7.9"]
[Result "1-0"]
[White "Danyyil Dvirnyy"]
[Black "Mikael Agopov"]
[WhiteElo "2561"]
[BlackElo "2452"]
[PlyCount "51"]

1. c4 c5 2. g3 Nc6 3. Bg2 g6 4. e3 Bg7 5. Ne2 d6 6. Nbc3 h5
7. h3 e5 8. a3 a5 9. d4 cxd4 10. exd4 Nge7 11. dxe5 dxe5
12. Qxd8+ Nxd8 13. Nb5 O-O 14. Be3 Ne6 15. O-O-O Ra6 16. Nd6
Nc6 17. Nc3 Rd8 18. Nxc8 Rxc8 19. Rd7 Bf8 20. Bd5 b6 21. Rd1
Bc5 22. Bxc5 bxc5 23. Bxe6 fxe6 24. R1d6 Rca8 25. Rc7 Nd4
26. Rdd7 1-0

[Event "European Team Championship"]
[Site "Reykjavik ISL"]
[Date "2015.11.20"]
[EventDate "2015.11.13"]
[Round "7.9"]
[Result "1/2-1/2"]
[White "Michele Godena"]
[Black "Mika Karttunen"]
[WhiteElo "2508"]
[BlackElo "2426"]
[PlyCount "90"]

1. e4 c5 2. Nf3 Nc6 3. c3 e6 4. d4 d5 5. exd5 exd5 6. Bb5 Bd6
7. dxc5 Bxc5 8. O-O Ne7 9. Nbd2 O-O 10. Nb3 Bd6 11. Bd3 h6
12. h3 Re8 13. Re1 a6 14. Bc2 Bc7 15. Be3 Bf5 16. Bc5 Qd7
17. Bxe7 Nxe7 18. Bxf5 Nxf5 19. Qd3 g6 20. Nbd4 Ng7 21. Qd2
Kh7 22. Nc2 Nh5 23. Ne3 Nf6 24. Rad1 Rad8 25. Qd4 Qc6 26. Ng4
Nxg4 27. Rxe8 Rxe8 28. hxg4 Re2 29. Rd2 Rxd2 30. Qxd2 Qc4
31. b3 Qe4 32. Ne1 Bf4 33. Qd1 Be5 34. Qd2 Kg7 35. Nd3 Bc7
36. Qd1 Bd6 37. Kf1 b5 38. Qe2 Kf6 39. f3 Qe6 40. Qf2 Be5
41. Nxe5 Qxe5 42. Qb6+ Qe6 43. Qd4+ Qe5 44. Qb6+ Qe6 45. Qd4+
Qe5 1/2-1/2

[Event "European Team Championship"]
[Site "Reykjavik ISL"]
[Date "2015.11.20"]
[EventDate "2015.11.13"]
[Round "7.11"]
[Result "1/2-1/2"]
[White "Constantin Lupulescu"]
[Black "Viktor Bologan"]
[WhiteElo "2631"]
[BlackElo "2630"]
[PlyCount "80"]

1. Nf3 Nf6 2. c4 e6 3. Nc3 b6 4. g3 Bb7 5. Bg2 Be7 6. O-O O-O
7. Re1 d5 8. cxd5 exd5 9. d4 Nbd7 10. b3 Ne4 11. Bb2 Bb4
12. Rc1 c5 13. e3 Rc8 14. Re2 Ndf6 15. dxc5 Bxc3 16. Bxc3 Nxc3
17. Rxc3 bxc5 18. Rc1 Qb6 19. Rec2 Rfd8 20. Ne5 Ba6 21. Bf1
Bxf1 22. Qxf1 Rc7 23. Nd3 Rdc8 24. Nf4 g5 25. Ne2 Ne4 26. Nc3
Nxc3 27. Rxc3 d4 28. Rc4 dxe3 29. fxe3 Qe6 30. Qf3 h6 31. Re4
Qg6 32. Rec4 Re8 33. e4 Rce7 34. Qf5 Qxf5 35. exf5 Re2
36. R1c2 Rxc2 37. Rxc2 Re5 38. Rc4 Rxf5 39. Ra4 Rd5 40. Rxa7
Rd2 1/2-1/2

[Event "European Team Championship"]
[Site "Reykjavik ISL"]
[Date "2015.11.20"]
[EventDate "2015.11.13"]
[Round "7.11"]
[Result "1/2-1/2"]
[White "Dmitry Svetushkin"]
[Black "Mihail Marin"]
[WhiteElo "2585"]
[BlackElo "2589"]
[PlyCount "82"]

1. e4 e5 2. Nf3 Nc6 3. Bb5 a6 4. Ba4 Nf6 5. O-O Be7 6. Re1 b5
7. Bb3 d6 8. c3 O-O 9. h3 Nb8 10. d4 Nbd7 11. Nbd2 Bb7 12. Bc2
Re8 13. a4 c5 14. d5 c4 15. b4 g6 16. Nf1 Nh5 17. Be3 Bf6
18. Qd2 Rb8 19. Ra3 Bc8 20. g4 Nf4 21. Bxf4 exf4 22. axb5 axb5
23. Qxf4 Ne5 24. N1h2 Bd7 25. Qe3 Ra8 26. Rea1 Rxa3 27. Rxa3
Nxf3+ 28. Nxf3 Bg7 29. Ra7 f5 30. Nd4 fxg4 31. hxg4 Qh4
32. Qg3 Qxg3+ 33. fxg3 Bxg4 34. Nxb5 Be5 35. Kg2 Rb8 36. Ba4
Rf8 37. Nc7 Rf3 38. Ne6 Rxg3+ 39. Kf2 Rf3+ 40. Kg2 Rg3+
41. Kf2 Rf3+ 1/2-1/2

[Event "European Team Championship"]
[Site "Reykjavik ISL"]
[Date "2015.11.20"]
[EventDate "2015.11.13"]
[Round "7.12"]
[Result "1/2-1/2"]
[White "Hannes Stefansson"]
[Black "Alexander Ipatov"]
[WhiteElo "2602"]
[BlackElo "2624"]
[PlyCount "80"]

1. e4 e5 2. Nf3 Nc6 3. Bb5 a6 4. Ba4 Nf6 5. d3 d6 6. c3 Bd7
7. O-O g6 8. Re1 Bg7 9. Nbd2 O-O 10. Nf1 h6 11. Ng3 Qe8 12. h3
Nd8 13. Bb3 c5 14. d4 b5 15. dxe5 dxe5 16. Qd6 c4 17. Bc2 Nh7
18. b3 Nb7 19. Qb6 Qc8 20. bxc4 Re8 21. cxb5 axb5 22. Bb3 Nc5
23. Be3 Nxb3 24. axb3 Rxa1 25. Rxa1 Qxc3 26. Ra7 Nf8 27. Qd6
Be6 28. b4 Bc4 29. Qd2 Qxd2 30. Nxd2 Rc8 31. Nxc4 Rxc4 32. Bd2
Rc2 33. Nf1 Ne6 34. Rb7 Nd4 35. Rb8+ Kh7 36. Be3 Rb2 37. Bxd4
exd4 38. Rxb5 d3 39. Rd5 Rxb4 40. Rxd3 Rxe4 1/2-1/2

[Event "European Team Championship"]
[Site "Reykjavik ISL"]
[Date "2015.11.20"]
[EventDate "2015.11.13"]
[Round "7.12"]
[Result "1-0"]
[White "Mustafa Yilmaz"]
[Black "Hedinn Steingrimsson"]
[WhiteElo "2594"]
[BlackElo "2566"]
[PlyCount "89"]

1. d4 Nf6 2. c4 e6 3. Nf3 d5 4. Nc3 c6 5. e3 Nbd7 6. Qc2 Bd6
7. Bd3 O-O 8. O-O dxc4 9. Bxc4 e5 10. h3 exd4 11. exd4 Nb6
12. Bb3 Nfd5 13. Bd2 h6 14. Rfe1 Be6 15. Rxe6 fxe6 16. Re1
Rxf3 17. gxf3 Bf4 18. Bxf4 Nxf4 19. Qf5 Qd6 20. Bxe6+ Kh8
21. Qc5 Rd8 22. Qxd6 Rxd6 23. Bb3 Rxd4 24. Re8+ Kh7 25. Bc2+
g6 26. Re7+ Kh8 27. Rxb7 Rd2 28. Ne4 Rxc2 29. Nf6 Nxh3+
30. Kg2 Ng5 31. f4 Nd5 32. fxg5 Nxf6 33. gxf6 Kg8 34. Rxa7
Rxb2 35. a4 c5 36. a5 Kf8 37. a6 Ra2 38. Ra8+ Kf7 39. a7 c4
40. Rh8 Kxf6 41. a8=Q Rxa8 42. Rxa8 Ke5 43. Kf3 Kd4 44. Ke2
Kc3 45. Ra6 1-0

[Event "European Team Championship"]
[Site "Reykjavik ISL"]
[Date "2015.11.20"]
[EventDate "2015.11.13"]
[Round "7.13"]
[Result "1/2-1/2"]
[White "Nils Grandelius"]
[Black "Alexander Beliavsky"]
[WhiteElo "2644"]
[BlackElo "2622"]
[PlyCount "87"]

1. e4 e5 2. Nf3 Nc6 3. Bb5 a6 4. Ba4 Nf6 5. O-O b5 6. Bb3 Bc5
7. c3 d6 8. d4 Bb6 9. Be3 O-O 10. Nbd2 Bg4 11. h3 Bh5 12. Bg5
Na5 13. dxe5 dxe5 14. g4 Bg6 15. Nxe5 Nxb3 16. axb3 Qd6
17. Bf4 Nxe4 18. Nxe4 Qxd1 19. Rfxd1 Bxe4 20. Nd7 Rfd8 21. b4
f6 22. Nxb6 cxb6 23. Bc7 Rxd1+ 24. Rxd1 a5 25. Bxb6 axb4
26. cxb4 Re8 27. Kh2 h5 28. Kg3 hxg4 29. hxg4 Re6 30. Bc5 Bc6
31. Rd8+ Kf7 32. Rc8 Bd7 33. Rf8+ Kg6 34. Rb8 Bc6 35. Rb6 f5
36. f4 fxg4 37. Kxg4 Kf7 38. f5 Rf6 39. Bd4 Rd6 40. Bc5 Rf6
41. Rb8 g6 42. fxg6+ Rxg6+ 43. Kf5 Rg8 44. Rxg8 1/2-1/2

[Event "European Team Championship"]
[Site "Reykjavik ISL"]
[Date "2015.11.20"]
[EventDate "2015.11.13"]
[Round "7.13"]
[Result "0-1"]
[White "Luka Lenic"]
[Black "Emanuel Berg"]
[WhiteElo "2625"]
[BlackElo "2575"]
[PlyCount "74"]

1. Nf3 Nf6 2. c4 g6 3. Nc3 Bg7 4. d4 d6 5. e4 O-O 6. Be2 e5
7. O-O Nbd7 8. Be3 Qe7 9. Qc2 c6 10. Rad1 h6 11. d5 c5 12. g3
Nh7 13. a3 Ndf6 14. b4 b6 15. bxc5 bxc5 16. Nh4 Ng5 17. f3 Nh5
18. Kh1 Nh3 19. Ng2 Bd7 20. Rb1 Rab8 21. Rxb8 Rxb8 22. Bd3 Rf8
23. Qd2 f5 24. exf5 gxf5 25. Bxh6 f4 26. Bxg7 Qxg7 27. g4 Bxg4
28. fxg4 Qxg4 29. Be4 Ng5 30. Qd3 f3 31. Ne3 Ng3+ 32. hxg3
Qh3+ 33. Kg1 Qxg3+ 34. Kh1 Qh3+ 35. Kg1 Qg3+ 36. Kh1 Qh4+
37. Kg1 Nh3+ 0-1

[Event "European Team Championship"]
[Site "Reykjavik ISL"]
[Date "2015.11.20"]
[EventDate "2015.11.13"]
[Round "7.13"]
[Result "1/2-1/2"]
[White "Tiger Hillarp Persson"]
[Black "Jure Borisek"]
[WhiteElo "2539"]
[BlackElo "2565"]
[PlyCount "90"]

1. d4 Nf6 2. c4 g6 3. Nc3 d5 4. Nf3 Bg7 5. Qb3 dxc4 6. Qxc4
O-O 7. e4 a6 8. Be2 b5 9. Qb3 c5 10. dxc5 Be6 11. Qc2 Nbd7
12. Be3 Rc8 13. Rd1 b4 14. Nd5 Bxd5 15. exd5 Nxc5 16. O-O Nce4
17. Qd3 Qd6 18. g3 Rfd8 19. Bf4 Qxd5 20. Qxa6 Qa8 21. Qxa8
Rxa8 22. Rxd8+ Rxd8 23. Rd1 Nd5 24. Be5 e6 25. Rd4 Nd6
26. Bxg7 Kxg7 27. Bd1 Rc8 28. Bb3 Rc1+ 29. Kg2 Nf5 30. Rd2
Nfe7 31. Ne5 g5 32. Nd3 Rc7 33. Re2 h6 34. Re4 Rb7 35. h4 Rb6
36. hxg5 hxg5 37. Kf1 f5 38. Rc4 g4 39. Rc5 Kf6 40. Ke2 Rb8
41. Rc1 Rh8 42. Rc4 Rb8 43. Rc5 Rh8 44. Rc4 Rb8 45. Rc1 Rh8
1/2-1/2

[Event "European Team Championship"]
[Site "Reykjavik ISL"]
[Date "2015.11.20"]
[EventDate "2015.11.13"]
[Round "7.13"]
[Result "0-1"]
[White "Jure Skoberne"]
[Black "Jonathan Westerberg"]
[WhiteElo "2544"]
[BlackElo "2496"]
[PlyCount "76"]

1. Nf3 d5 2. g3 Nf6 3. Bg2 e6 4. O-O g6 5. c4 Bg7 6. d4 O-O
7. Qc2 b6 8. Ne5 Bb7 9. Nc3 Na6 10. Rd1 c5 11. Be3 Qe7 12. f4
Rfd8 13. Qa4 cxd4 14. Bxd4 Nc5 15. Qa3 dxc4 16. Bxc5 bxc5
17. Rxd8+ Rxd8 18. Qxa7 Nd5 19. Ne4 Bf8 20. Qa3 c3 21. Bf3 c2
22. Nf2 Nb4 23. Rc1 c4 24. Kg2 Ra8 25. Qe3 Rxa2 26. Nxc4 Ba6
27. b3 Qc7 28. Ne5 Nd5 29. Bxd5 exd5 30. b4 Rb2 31. g4 Rb1
32. Rxc2 Qxc2 33. Qa7 Qc8 34. Qxf7+ Kh8 35. Nh3 Bg7 36. Ng5
Rxb4 37. Qxd5 Bb7 38. Nef7+ Kg8 0-1

[Event "European Team Championship"]
[Site "Reykjavik ISL"]
[Date "2015.11.20"]
[EventDate "2015.11.13"]
[Round "7.14"]
[Result "0-1"]
[White "Dragisa Blagojevic"]
[Black "Sebastian Bogner"]
[WhiteElo "2481"]
[BlackElo "2549"]
[PlyCount "95"]

1. d4 d5 2. c4 c6 3. Nc3 Nf6 4. cxd5 cxd5 5. Bf4 Nc6 6. e3 Bf5
7. Nf3 e6 8. Qb3 Bb4 9. Bb5 O-O 10. Bxc6 Bxc3+ 11. Qxc3 Rc8
12. Ne5 Nh5 13. Qa3 Nxf4 14. exf4 bxc6 15. Rc1 f6 16. Nxc6 Qd7
17. Qc5 Rfe8 18. O-O e5 19. b4 exd4 20. b5 d3 21. Rcd1 a6
22. a4 h5 23. h3 h4 24. Rfe1 axb5 25. Ne7+ Rxe7 26. Qxe7 Qxe7
27. Rxe7 bxa4 28. Ra7 Rc4 29. Ra5 Rd4 30. Kf1 Kf7 31. Ke1 Re4+
32. Kf1 Rxf4 33. Rxd5 Be6 34. R1xd3 Bxd5 35. Rxd5 Ke6 36. Ra5
Kd6 37. Ke2 Kc6 38. Ra7 g5 39. g3 Kb6 40. Ra8 Rb4 41. Rf8 Kb5
42. Kd3 Rb3+ 43. Kd4 Rf3 44. gxh4 gxh4 45. Rb8+ Ka5 46. Kc4
Rxf2 47. Ra8+ Kb6 48. Kd4 0-1

[Event "European Team Championship"]
[Site "Reykjavik ISL"]
[Date "2015.11.20"]
[EventDate "2015.11.13"]
[Round "7.15"]
[Result "1-0"]
[White "Jon Loftur Arnason"]
[Black "Tomas Laurusas"]
[WhiteElo "2500"]
[BlackElo "2435"]
[PlyCount "83"]

1. e4 c5 2. Nf3 e6 3. d4 cxd4 4. Nxd4 a6 5. Bd3 Ne7 6. O-O
Nbc6 7. Nxc6 Nxc6 8. Nc3 Be7 9. f4 d6 10. b3 Bf6 11. Bb2 Bd4+
12. Kh1 O-O 13. Qd2 Qa5 14. a3 Bd7 15. Rf3 Rac8 16. Rh3 Rfd8
17. Rf1 Be8 18. b4 Qc7 19. Be2 Bf6 20. Nd5 exd5 21. Bxf6 gxf6
22. Rg3+ Kf8 23. exd5 Nb8 24. Bd3 Qc3 25. Qe2 f5 26. Qh5 Qh8
27. Re1 h6 28. Qh4 f6 29. Bxf5 Bf7 30. Bxc8 Rxc8 31. Qg4 Rxc2
32. Qf5 Rc7 33. Rge3 h5 34. h4 Qh6 35. Rg3 Nd7 36. Re6 Bxe6
37. dxe6 Ke7 38. exd7 Rxd7 39. Qe4+ Kd8 40. Rg8+ Kc7 41. Qc4+
Kb6 42. a4 1-0

[Event "European Team Championship"]
[Site "Reykjavik ISL"]
[Date "2015.11.20"]
[EventDate "2015.11.13"]
[Round "7.15"]
[Result "0-1"]
[White "Fridrik Olafsson"]
[Black "Tautvydas Vedrickas"]
[WhiteElo "2392"]
[BlackElo "2320"]
[PlyCount "72"]

1. Nf3 g6 2. g3 Bg7 3. d4 Nf6 4. Bg2 O-O 5. O-O d6 6. c4 c6
7. b3 Qa5 8. Qd2 Qa6 9. Nc3 b5 10. cxb5 cxb5 11. Bb2 Bb7
12. a3 Qb6 13. d5 Nbd7 14. Nd4 a6 15. e4 Rac8 16. h3 Rfe8
17. Rfd1 e6 18. Rab1 e5 19. Nc2 h5 20. Qe3 Qxe3 21. Nxe3 Bh6
22. Nc2 Rc7 23. Nb4 Rec8 24. Nc6 Bxc6 25. dxc6 Rxc6 26. Na2 a5
27. Bf1 Nxe4 28. Bxb5 Nd2 29. Bxc6 Rxc6 30. Rbc1 Nf3+ 31. Kg2
Bxc1 32. Nxc1 e4 33. b4 a4 34. g4 h4 35. b5 Rc2 36. Rxd6 Nf8
0-1

[Event "European Team Championship"]
[Site "Reykjavik ISL"]
[Date "2015.11.20"]
[EventDate "2015.11.13"]
[Round "7.16"]
[Result "1/2-1/2"]
[White "Mher Hovhanisian"]
[Black "Helgi Dam Ziska"]
[WhiteElo "2495"]
[BlackElo "2523"]
[PlyCount "64"]

1. d4 Nf6 2. Nf3 g6 3. g3 Bg7 4. Bg2 O-O 5. O-O d6 6. b3 c5
7. Bb2 cxd4 8. Nxd4 d5 9. Na3 Re8 10. c4 e5 11. Ndc2 d4 12. f4
Nc6 13. fxe5 Ng4 14. Nb5 Bxe5 15. Nbxd4 Nxd4 16. Bxd4 Bf5
17. e4 Bxd4+ 18. Qxd4 Bxe4 19. Bxe4 Qxd4+ 20. Nxd4 Rxe4
21. Nb5 Rd8 22. Nc3 Re6 23. Nd5 Ne3 24. Nxe3 Rxe3 25. Rad1
Red3 26. Rde1 Kf8 27. Re2 h5 28. Kg2 R8d7 29. Rf3 Rd1 30. Rf1
R1d3 31. Rf3 Rd1 32. Rf1 R1d3 1/2-1/2

[Event "European Team Championship"]
[Site "Reykjavik ISL"]
[Date "2015.11.20"]
[EventDate "2015.11.13"]
[Round "7.16"]
[Result "1/2-1/2"]
[White "Hogni Egilstoft Nielsen"]
[Black "Steven Geirnaert"]
[WhiteElo "2300"]
[BlackElo "2449"]
[PlyCount "114"]

1. e4 e5 2. Nf3 Nc6 3. Bc4 Bc5 4. c3 Nf6 5. d3 d6 6. Bb3 a6
7. Nbd2 Ba7 8. h3 h6 9. Nf1 Be6 10. Ng3 Qd7 11. Bc2 d5 12. Qe2
O-O-O 13. Be3 Bxe3 14. Qxe3 Qd6 15. O-O Rdg8 16. Ba4 b5
17. Bb3 Kb8 18. Rfd1 g5 19. d4 g4 20. dxe5 Nxe5 21. Nxe5 Qxe5
22. h4 Rd8 23. a4 b4 24. Qc5 Nxe4 25. Nxe4 Qxe4 26. Rd4 Qe5
27. Rxb4+ Kc8 28. Rb6 g3 29. fxg3 Qxg3 30. Rxa6 Rhg8 31. Qf2
Qxf2+ 32. Kxf2 Kb7 33. Ra5 c6 34. Bd1 Kb6 35. b4 d4 36. Rc5
dxc3 37. Bf3 Rd2+ 38. Ke3 Bd5 39. a5+ Ka7 40. Rxc3 Rb2
41. Bxd5 cxd5 42. Rc7+ Kb8 43. Rxf7 Rxb4 44. a6 Ka8 45. h5 d4+
46. Kf3 Rb3+ 47. Ke4 Rd8 48. Rf3 d3 49. Rd1 Rb4+ 50. Kf5 d2
51. Kg6 Rg4+ 52. Kh7 Rxg2 53. Rc3 Rd6 54. Rc7 Re2 55. Rg7 Re5
56. Rg6 Rdd5 57. Rg2 Rxh5 1/2-1/2

[Event "European Team Championship"]
[Site "Reykjavik ISL"]
[Date "2015.11.20"]
[EventDate "2015.11.13"]
[Round "7.16"]
[Result "1-0"]
[White "Thibaut Vandenbussche"]
[Black "Rogvi Egilstoft Nielsen"]
[WhiteElo "2421"]
[BlackElo "2275"]
[PlyCount "61"]

1. e4 e5 2. Nf3 Nc6 3. d4 exd4 4. Nxd4 Nf6 5. Nxc6 bxc6 6. Qe2
d6 7. Nc3 Be7 8. Be3 Nd7 9. O-O-O Bf6 10. Qd2 a5 11. f4 Rb8
12. g4 h6 13. h4 Bxh4 14. g5 hxg5 15. fxg5 Ne5 16. Be2 Bg4
17. Bxg4 Nxg4 18. Rdg1 Ne5 19. Rh3 Qd7 20. Rgh1 Qg4 21. Qe2
Ke7 22. b3 g6 23. Bd2 Qxe2 24. Nxe2 Rh5 25. Rxh4 Rbh8 26. Rxh5
gxh5 27. Bxa5 h4 28. Bc3 Rh5 29. Bxe5 dxe5 30. Ng1 Rxg5
31. Nf3 1-0

[Event "European Team Championship"]
[Site "Reykjavik ISL"]
[Date "2015.11.20"]
[EventDate "2015.11.13"]
[Round "7.18"]
[Result "1-0"]
[White "Sune Berg Hansen"]
[Black "Alan Tate"]
[WhiteElo "2566"]
[BlackElo "2337"]
[PlyCount "79"]

1. d4 d5 2. Nf3 Nf6 3. c4 c6 4. e3 e6 5. b3 Nbd7 6. Bd3 Ne4
7. O-O f5 8. Bb2 Bd6 9. Qc1 Qf6 10. Ba3 Bb8 11. Nc3 Kf7
12. Bb2 g5 13. Ne2 g4 14. Ne1 Qh6 15. Nf4 Ndf6 16. Be2 Rg8
17. Ned3 Ng5 18. Qd1 Nfe4 19. Ne5+ Bxe5 20. dxe5 Bd7 21. Rc1
Rad8 22. cxd5 exd5 23. Rc2 Ne6 24. Nxe6 Bxe6 25. Qd4 Rg5
26. f3 g3 27. h3 Nf2 28. f4 Rg7 29. Qxa7 d4 30. Bxd4 Rd7
31. Bf3 Bd5 32. Bxd5+ cxd5 33. e6+ Qxe6 34. Bxg7 b6 35. Rc7
Nxh3+ 36. gxh3 Qxe3+ 37. Kg2 Qe2+ 38. Kxg3 Qe3+ 39. Kg2 Qe4+
40. Rf3 1-0

[Event "European Team Championship"]
[Site "Reykjavik ISL"]
[Date "2015.11.20"]
[EventDate "2015.11.13"]
[Round "7.18"]
[Result "1-0"]
[White "Mads Andersen"]
[Black "Andrew J Muir"]
[WhiteElo "2459"]
[BlackElo "2313"]
[PlyCount "90"]

1. Nf3 d5 2. g3 Nf6 3. Bg2 e6 4. O-O Be7 5. c4 O-O 6. b3 c5
7. Bb2 Nc6 8. e3 b6 9. Nc3 dxc4 10. bxc4 Bb7 11. Qe2 Qc7
12. Rfd1 a6 13. Rab1 Rab8 14. Ba1 Ba8 15. d3 Na7 16. d4 Rfd8
17. d5 exd5 18. Nxd5 Nxd5 19. cxd5 Rxd5 20. Nd2 Rdd8 21. Bxa8
Rxa8 22. Qg4 g6 23. Qc4 b5 24. Qc3 f6 25. Ne4 Rxd1+ 26. Rxd1
Rd8 27. Rc1 Qc6 28. Nxf6+ Bxf6 29. Qxf6 Qxf6 30. Bxf6 Rc8
31. Rd1 Kf7 32. Bg5 Ke6 33. e4 c4 34. Kf1 b4 35. g4 Nb5 36. f4
Nc3 37. Rd4 Nxa2 38. Rd5 c3 39. f5+ Kf7 40. Rd7+ Kg8 41. f6 a5
42. Bh6 b3 43. f7+ Kh8 44. Re7 Rg8 45. Re8 b2 1-0

[Event "European Team Championship"]
[Site "Reykjavik ISL"]
[Date "2015.11.20"]
[EventDate "2015.11.13"]
[Round "7.2"]
[Result "1/2-1/2"]
[White "Rauf Mamedov"]
[Black "Toms Kantans"]
[WhiteElo "2653"]
[BlackElo "2514"]
[PlyCount "108"]

1. e4 e5 2. Bc4 Nc6 3. Nf3 Nf6 4. d3 Be7 5. O-O O-O 6. c3 d5
7. exd5 Nxd5 8. Re1 Bf6 9. Nbd2 Nb6 10. Bb5 Bd7 11. Ne4 Re8
12. Be3 a6 13. Bxc6 Bxc6 14. Bxb6 cxb6 15. Qe2 Re6 16. Rad1
Be7 17. Qc2 b5 18. d4 exd4 19. Nxd4 Rxe4 20. Rxe4 Bxe4
21. Qxe4 Qd7 22. Re1 Bf8 23. g3 Rd8 24. Nb3 g6 25. Na5 Qc7
26. Nb3 h5 27. Nd4 Bg7 28. Nf3 Bf6 29. h4 Kg7 30. Ng5 Rd2
31. Re2 Rxe2 32. Qxe2 Qc4 33. Qxc4 bxc4 34. Ne4 Be7 35. a4 f5
36. Nd2 b5 37. axb5 axb5 38. Kf1 Kf6 39. Nf3 Bc5 40. Ke2 f4
41. Ng5 Kf5 42. Kf3 fxg3 43. fxg3 Be7 44. Nh3 Bf8 45. Nf4 Bh6
46. Ne2 Ke5 47. Nd4 Bc1 48. b4 cxb3 49. Nxb3 Bb2 50. Nd4 Bxc3
51. Nxb5 Bb4 52. g4 Be1 53. gxh5 gxh5 54. Kg2 Bxh4 1/2-1/2

[Event "European Team Championship"]
[Site "Reykjavik ISL"]
[Date "2015.11.20"]
[EventDate "2015.11.13"]
[Round "7.6"]
[Result "0-1"]
[White "Hristos Banikas"]
[Black "Jon Ludvig Hammer"]
[WhiteElo "2609"]
[BlackElo "2682"]
[PlyCount "122"]

1. Nf3 d5 2. d4 Nf6 3. c4 e6 4. Nc3 Bb4 5. Bg5 h6 6. Bxf6 Qxf6
7. e3 O-O 8. Rc1 dxc4 9. Bxc4 c5 10. O-O cxd4 11. Ne4 Qe7
12. Nxd4 Bd7 13. Bd3 Nc6 14. Nb3 Na5 15. Rc7 Rfd8 16. a3 Nxb3
17. Qxb3 Ba5 18. Rcc1 Bc6 19. Ng3 Qd7 20. Bc2 Rac8 21. Rfd1
Qe8 22. Rxd8 Bxd8 23. Qd3 g6 24. Qc3 Bd7 25. Qd2 Be7 26. Rd1
Bc6 27. Ne4 Rd8 28. Qe1 h5 29. h3 h4 30. Rd2 f5 31. Nc3 Rxd2
32. Qxd2 Qd7 33. Qxd7 Bxd7 34. Kf1 Bf6 35. Ke2 Kf7 36. Kd2 Ke7
37. Bd3 Bc6 38. f3 g5 39. e4 fxe4 40. Bxe4 Bxe4 41. Nxe4 Bxb2
42. a4 Be5 43. Kd3 Bf4 44. Kc4 b6 45. Kb5 Kd7 46. Ka6 Be3
47. Nc3 Kd6 48. Nb5+ Ke5 49. Nxa7 Kf4 50. Nc8 Kg3 51. Nxb6
Kxg2 52. Kb5 Bd2 53. Nc4 Bc3 54. Nd6 Kxh3 55. Ne4 Kg2 56. Nxg5
Bd2 57. f4 h3 58. Nxh3 Kxh3 59. Kc4 Kg4 60. Kd3 Bxf4 61. Ke4
Bb8 0-1

[Event "European Team Championship"]
[Site "Reykjavik ISL"]
[Date "2015.11.20"]
[EventDate "2015.11.13"]
[Round "7.7"]
[Result "1/2-1/2"]
[White "Zbynek Hracek"]
[Black "Rainer Buhmann"]
[WhiteElo "2609"]
[BlackElo "2619"]
[PlyCount "97"]

1. c4 e6 2. Nc3 d5 3. d4 Nf6 4. cxd5 exd5 5. Bg5 c6 6. e3 Bf5
7. Qf3 Bg6 8. Bxf6 Qxf6 9. Qxf6 gxf6 10. Nf3 Nd7 11. Nh4 Be7
12. g3 Nb6 13. f3 Nc8 14. Kf2 Nd6 15. Ng2 h5 16. h4 Kd7
17. Nf4 Rad8 18. Rc1 Bf8 19. Bh3+ Bf5 20. Bxf5+ Nxf5 21. e4
dxe4 22. Nxe4 Kc7 23. d5 Bh6 24. dxc6 bxc6 25. Rc4 Bxf4
26. gxf4 Nd6 27. Nxd6 Rxd6 28. Re1 Rd2+ 29. Re2 Rxe2+ 30. Kxe2
Rg8 31. Kf2 Rb8 32. b4 Kd6 33. Rd4+ Ke6 34. Ke3 Rb6 35. a3 Ra6
36. Rd3 Ra4 37. Rc3 a5 38. Rxc6+ Ke7 39. Rc7+ Ke6 40. Rc6+ Ke7
41. Rc3 axb4 42. axb4 Rxb4 43. Rc5 Rb2 44. Rxh5 Rh2 45. Rh8
Ke6 46. h5 Kf5 47. h6 Rh1 48. Rh7 Rh2 49. Rxf7 1/2-1/2

[Event "European Team Championship"]
[Site "Reykjavik ISL"]
[Date "2015.11.20"]
[EventDate "2015.11.13"]
[Round "7.8"]
[Result "0-1"]
[White "Ivan Saric"]
[Black "Ivan Ivanisevic"]
[WhiteElo "2652"]
[BlackElo "2662"]
[PlyCount "118"]

1. e4 c5 2. Nf3 e6 3. d3 Nc6 4. g3 g6 5. Bg2 Bg7 6. O-O Nge7
7. c3 O-O 8. Re1 e5 9. a3 d6 10. b4 h6 11. Nbd2 Be6 12. Nb3 b6
13. b5 Nb8 14. d4 a6 15. bxa6 exd4 16. cxd4 c4 17. Nbd2 d5
18. Bb2 Nbc6 19. exd5 Bxd5 20. Qe2 b5 21. a4 c3 22. Bxc3 b4
23. Bb2 Nf5 24. Rad1 Qa5 25. Bf1 Rfb8 26. Qd3 b3 27. Ne5 Nb4
28. Qc3 Qd8 29. Bb5 Na2 30. Qd3 Nb4 31. Qf1 Nc2 32. Ne4 Rc8
33. Nc3 Nfxd4 34. Nxd5 Qxd5 35. Bxd4 Nxd4 36. Qg2 Qc5 37. Nd7
Qf5 38. Kh1 Nxb5 39. axb5 Qxb5 40. Qb7 Qc6+ 41. Kg1 Rc7
42. Re7 Rxb7 43. axb7 b2 44. Ne5 Qa4 45. bxa8=Q+ Qxa8 46. Nc4
Bc3 47. Re3 Qa1 48. Nxb2 Qxb2 49. Red3 Kg7 50. h4 Qe2 51. h5
Be1 52. hxg6 Bxf2+ 53. Kg2 Bc5+ 54. Kh3 fxg6 55. Rd5 h5
56. R5d2 Qg4+ 57. Kh2 Kh6 58. Rh1 Bb4 59. Rg2 Bd6 0-1

[Event "European Team Championship"]
[Site "Reykjavik ISL"]
[Date "2015.11.20"]
[EventDate "2015.11.13"]
[Round "7.8"]
[Result "0-1"]
[White "Zdenko Kozul"]
[Black "Robert Markus"]
[WhiteElo "2617"]
[BlackElo "2632"]
[PlyCount "110"]

1. d4 Nf6 2. c4 d6 3. Nf3 Nbd7 4. Nc3 e5 5. e4 g6 6. Be2 Bg7
7. O-O O-O 8. Re1 c6 9. Bf1 exd4 10. Nxd4 Re8 11. Bg5 Nc5
12. b4 h6 13. Bxh6 Bxh6 14. bxc5 dxc5 15. Nb3 Qxd1 16. Raxd1
Nd7 17. g3 g5 18. Bg2 Ne5 19. Nxc5 Bg4 20. Rb1 b6 21. Na6 Rad8
22. c5 Bc8 23. Nc7 Re7 24. N7d5 cxd5 25. Nxd5 Re6 26. cxb6
axb6 27. f4 gxf4 28. gxf4 Nc4 29. Rec1 Ba6 30. Rc3 Bg7 31. Rg3
Bb7 32. f5 Bxd5 33. fxe6 Bxe6 34. Kh1 Kf8 35. Bh3 Bxh3
36. Rxh3 Rd2 37. Rc1 Nd6 38. Rb3 Bd4 39. Re1 Bf2 40. Rf1 Nxe4
41. Ra3 Ke7 42. Ra7+ Ke6 43. Kg2 f5 44. a4 Bc5+ 45. Kh1 Nf2+
46. Kg2 Ng4+ 47. Kg3 Bd6+ 48. Kh4 Rxh2+ 49. Kg5 Ne3 50. Rg1 f4
51. Re1 Rg2+ 52. Kh6 Bb4 53. Rb1 Ba5 54. Rb3 Nf5+ 55. Kh5 Kf6
0-1

[Event "European Team Championship"]
[Site "Reykjavik ISL"]
[Date "2015.11.20"]
[EventDate "2015.11.13"]
[Round "7.9"]
[Result "1/2-1/2"]
[White "Tapani Sammalvuo"]
[Black "Axel Rombaldoni"]
[WhiteElo "2422"]
[BlackElo "2539"]
[PlyCount "108"]

1. d4 Nf6 2. c4 b6 3. Nf3 Bb7 4. g3 e5 5. dxe5 Ng4 6. Bh3 Nxe5
7. O-O Nxc4 8. Nc3 Nc6 9. Nd5 N4e5 10. b4 Bd6 11. Bb2 Nxf3+
12. exf3 O-O 13. f4 f6 14. Re1 Ne7 15. Nxe7+ Bxe7 16. Bf5 Rf7
17. Bxd7 Bxb4 18. Re8+ Qxe8 19. Bxe8 Rxe8 20. Qb3 Bc5 21. Rd1
Kf8 22. Ba3 Bxa3 23. Qxa3+ c5 24. f3 Rfe7 25. Rd2 Bc8 26. Kf2
Be6 27. g4 Bf7 28. f5 h5 29. Qc3 hxg4 30. fxg4 Re4 31. Qg3
R4e5 32. Qf3 c4 33. Rd7 R8e7 34. Rd8+ Be8 35. Rd2 Re4 36. h3
b5 37. Qa3 Rf4+ 38. Kg3 Re4 39. Kf2 Re5 40. Qb4 Kg8 41. Qa3
Kf7 42. Qa6 Re3 43. a4 c3 44. Rc2 Rxh3 45. Kg2 Rd3 46. axb5
Kf8 47. Qa3 Bxb5 48. Rxc3 Rxc3 49. Qxc3 a6 50. Qc5 Ke8 51. Kf3
Kd8 52. Kf4 Rd7 53. Ke3 Rd3+ 54. Ke4 Rd7 1/2-1/2